[Event "PRO League Group Stage"]
[Site "chess.com INT"]
[Date "2019.02.13"]
[Round "6"]
[White "Sargissian, Gabriel"]
[Black "Smirnov, Anton"]
[Result "0-1"]
[WhiteTitle "GM"]
[BlackTitle "GM"]
[WhiteElo "2689"]
[BlackElo "2569"]
[WhiteTeam "Seattle Sluggers"]
[BlackTeam "Australia Kangaroos"]
[WhiteFideId "13300881"]
[BlackFideId "3208923"]
[EventDate "2019.01.08"]

1. d4 d5 2. c4 dxc4 3. e4 b5 4. a4 c6 5. axb5 cxb5 6. b3 e5 7. bxc4 Bb4+ 8. Bd2
Qxd4 9. Ra2 Bc5 10. Qf3 Bg4 11. Qxg4 Qxf2+ 12. Kd1 Qxf1+ 13. Be1 Qd3+ 14. Nd2
Ne7 15. Nf3 Nd7 16. Qxg7 Ng6 17. Ng5 O-O-O 18. Qxf7 Nb6 19. Ne6 Qb1+ 20. Ke2
Qd3+ 21. Kd1 Rd7 22. Nxc5 Qb1+ 23. Ke2 Qxa2 24. Nxd7 Nf4+ 25. Kf3 Nxd7 26. Qe7
Rf8 27. Kg3 Rg8+ 28. Kf3 Rf8 29. Kg3 Rg8+ 30. Kf3 Qc2 0-1

[Event "PRO League Group Stage"]
[Site "chess.com INT"]
[Date "2019.02.13"]
[Round "6"]
[White "Ly, Moulthun"]
[Black "Irgaliyev, Alikhan"]
[Result "1-0"]
[WhiteTitle "GM"]
[WhiteElo "2486"]
[BlackElo "2191"]
[WhiteTeam "Australia Kangaroos"]
[BlackTeam "Seattle Sluggers"]
[WhiteFideId "3204405"]
[BlackFideId "13705610"]
[EventDate "2019.01.08"]

1. d4 f5 2. Bg5 Nf6 3. Bxf6 exf6 4. e3 d5 5. c4 Bb4+ 6. Nc3 O-O 7. Qb3 Bxc3+ 8.
Qxc3 Be6 9. Ne2 Kh8 10. Nf4 Bg8 11. h4 g6 12. cxd5 Bxd5 13. Bc4 Bf7 14. h5 g5
15. Ng6+ hxg6 16. hxg6+ Kg7 17. Bxf7 Rh8 18. Rxh8 Qxh8 19. Qxc7 Na6 20. Qe7 Qd8
21. Qxd8 Rxd8 22. Rc1 f4 23. Ke2 fxe3 24. fxe3 f5 25. g3 Rh8 26. Kd3 Rh3 27. Rf1
Nb4+ 28. Kc3 Nc6 29. d5 Ne5 30. Rxf5 Nxg6 31. d6 Rh8 32. Bxg6 Kxg6 33. Rd5 Rd8
34. d7 Kf6 35. g4 a6 36. Kb4 b6 37. a4 Ke6 38. e4 1-0

[Event "PRO League Group Stage"]
[Site "chess.com INT"]
[Date "2019.02.13"]
[Round "6"]
[White "Song, Raymond"]
[Black "Tiglon, Bryce"]
[Result "1-0"]
[WhiteTitle "FM"]
[BlackTitle "IM"]
[WhiteElo "2329"]
[BlackElo "2390"]
[WhiteTeam "Australia Kangaroos"]
[BlackTeam "Seattle Sluggers"]
[WhiteFideId "3203824"]
[BlackFideId "2087456"]
[EventDate "2019.01.08"]

1. e4 c5 2. Ne2 Nf6 3. Nbc3 d5 4. exd5 Nxd5 5. Nxd5 Qxd5 6. d4 e5 7. Nc3 Qxd4 8.
Be3 Qxd1+ 9. Rxd1 Be6 10. Bb5+ Nd7 11. O-O a6 12. Nd5 Bxd5 13. Bxd7+ Kxd7 14.
Rxd5+ Ke6 15. Rfd1 b6 16. f4 f6 17. fxe5 fxe5 18. Bf2 Be7 19. Bg3 Bf6 20. Rd6+
Kf5 21. Rf1+ Ke4 22. Re1+ Kf5 23. Rxb6 Rhb8 24. Rxb8 Rxb8 25. b3 c4 26. Kf2 a5
27. Re3 Rc8 28. Rf3+ Ke6 29. Re3 Kf5 30. Rf3+ Ke4 31. Re3+ Kd5 32. Kf3 h5 33.
Be1 cxb3 34. cxb3 Rc5 35. Rd3+ Ke6 36. Ke4 Rc2 37. Rd2 Rc1 38. Bf2 Rc6 39. Be3
a4 40. Rd5 Rc7 41. Rb5 axb3 42. axb3 Rc2 43. Rb6+ Kf7 44. Kf3 Kg6 45. h3 h4 46.
b4 Kf5 47. Rb5 Rb2 48. Bc1 Rb3+ 49. Ke2 Ke4 50. Rb7 Rc3 51. Bd2 Rg3 52. Kf2 Rd3
53. Ke2 Rb3 54. Rc7 Rb2 55. Rc4+ Kd5 56. Rg4 Ke6 57. Kd3 Kf5 58. Bc3 Rb1 59. Kc2
Rf1 60. b5 e4 61. b6 Rf2+ 62. Kb3 e3 63. b7 Be5 64. Bxe5 e2 65. Bc3 Rf1 66. Kc2
e1=Q 67. Bxe1 Rxe1 68. b8=Q 1-0

[Event "PRO League Group Stage"]
[Site "chess.com INT"]
[Date "2019.02.13"]
[Round "6"]
[White "Shankland, Samuel"]
[Black "Dreev, Aleksey"]
[Result "1-0"]
[WhiteTitle "GM"]
[BlackTitle "GM"]
[WhiteElo "2725"]
[BlackElo "2670"]
[WhiteTeam "San Francisco Mechanics"]
[BlackTeam "San Diego Surfers"]
[WhiteFideId "2004887"]
[BlackFideId "4100107"]
[EventDate "2019.01.08"]

1. d4 d5 2. c4 c6 3. Nf3 Nf6 4. Nc3 e6 5. e3 Nbd7 6. Qc2 b6 7. b3 Bb7 8. Bb2 Bd6
9. Bd3 O-O 10. O-O Re8 11. Rad1 Rc8 12. e4 e5 13. exd5 cxd5 14. Nb5 Bb8 15. dxe5
dxc4 16. Bxc4 Bxf3 17. gxf3 Bxe5 18. Bxe5 Rxe5 19. Nd6 Nd5 20. Nxc8 Nf4 21. Kh1
Rh5 22. Bxf7+ 1-0

[Event "PRO League Group Stage"]
[Site "chess.com INT"]
[Date "2019.02.13"]
[Round "6"]
[White "Sheng, Joshua"]
[Black "Naroditsky, Daniel"]
[Result "1-0"]
[WhiteTitle "IM"]
[BlackTitle "GM"]
[WhiteElo "2451"]
[BlackElo "2616"]
[WhiteTeam "San Diego Surfers"]
[BlackTeam "San Francisco Mechanics"]
[WhiteFideId "2057360"]
[BlackFideId "2026961"]
[EventDate "2019.01.08"]

1. e4 e5 2. Nf3 Nc6 3. d4 exd4 4. Nxd4 Bc5 5. Nxc6 bxc6 6. Bd3 d6 7. O-O Nf6 8.
h3 h6 9. Nd2 O-O 10. Nb3 Bb6 11. Qf3 Re8 12. Bd2 Nd7 13. Qg3 Re6 14. Bc4 d5 15.
exd5 Rg6 16. Qf4 Nf6 17. Bd3 Nxd5 18. Qa4 Rf6 19. Rad1 Bd7 20. Qh4 g5 21. Qc4
Be6 22. Nc5 Bf5 23. Ne4 Re6 24. Ng3 Bxd3 25. Qxd3 Nf4 26. Qf5 Qf6 27. Bxf4 gxf4
28. Qg4+ Qg5 29. Nh5 Rg6 30. Qf3 Re8 31. Kh1 Re5 32. Nxf4 Rf6 33. g3 Kg7 34.
Rde1 Ref5 35. Qg2 Rb5 36. b3 Ra5 37. a4 Rc5 38. Qe4 Qf5 39. Qxf5 Rfxf5 40. Re2
Rc3 41. Nd3 c5 42. Ne5 Rxg3 43. Rg1 Rxg1+ 44. Kxg1 Ba5 45. Nc4 Bc3 46. Kg2 Bd4
47. f3 Rg5+ 48. Kh2 Kf6 49. Rg2 Rf5 50. Kg3 Rg5+ 51. Kh2 Rf5 52. Rg3 h5 53. Kg2
Rf4 54. Rg8 Bc3 55. Ra8 a5 56. Ra6+ Ke7 57. Rc6 Bb4 58. Rxc7+ Kd8 59. Rc6 Kd7
60. Rd6+ Kc7 61. Rd5 h4 62. Kf2 Rf6 63. Rg5 Re6 64. Rg4 Be1+ 65. Kf1 Bg3 66. Re4
Rf6 67. Ke2 Rg6 68. Nxa5 f5 69. Re7+ Kd6 70. Re8 Kd7 71. Rh8 Re6+ 72. Kd3 Re1
73. Nc4 Rd1+ 74. Ke2 Re1+ 75. Kd3 Rd1+ 76. Kc3 Rf1 77. Nd2 Rh1 78. Rh7+ Kc6 79.
Rh6+ Kd5 80. Nc4 Be1+ 81. Kd3 Bg3 82. a5 Rd1+ 83. Ke2 Re1+ 84. Kd2 Ra1 85. Rh5
Ke6 86. Ke2 Ra2 87. Kd3 Ra1 88. c3 Kf6 89. Rh8 Kg5 90. b4 cxb4 91. cxb4 Kf4 92.
b5 Kxf3 93. a6 Bf2 94. Rf8 f4 95. Ne5+ Kg3 96. Ke4 Rb1 97. Rg8+ Kxh3 98. Nd3 Be3
99. Nxf4+ Bxf4 100. a7 Rb4+ 101. Kf3 Bg3 102. a8=Q Rb3+ 103. Ke4 Rb4+ 104. Kd3
Kh2 105. Qd5 h3 106. Rh8 Rb2 107. Qf5 Rb3+ 108. Kc4 1-0

[Event "PRO League Group Stage"]
[Site "chess.com INT"]
[Date "2019.02.13"]
[Round "6"]
[White "Kiewra, Keaton"]
[Black "Wu, Rochelle"]
[Result "1-0"]
[WhiteTitle "IM"]
[BlackTitle "WCM"]
[WhiteElo "2362"]
[BlackElo "2154"]
[WhiteTeam "San Diego Surfers"]
[BlackTeam "San Francisco Mechanics"]
[WhiteFideId "2019280"]
[BlackFideId "30908132"]
[EventDate "2019.01.08"]

1. Nf3 Nf6 2. c4 c6 3. Nc3 d5 4. e3 e6 5. Qc2 a6 6. b3 dxc4 7. bxc4 c5 8. d4 Nc6
9. Bb2 cxd4 10. exd4 Bb4 11. Rd1 Qe7 12. Bd3 O-O 13. O-O Rd8 14. d5 Bxc3 15.
Qxc3 exd5 16. cxd5 Nb4 17. d6 1-0

[Event "PRO League Group Stage"]
[Site "chess.com INT"]
[Date "2019.02.13"]
[Round "6"]
[White "Li, Chao b"]
[Black "Mamedyarov, Shakhriyar"]
[Result "1/2-1/2"]
[WhiteTitle "GM"]
[BlackTitle "GM"]
[WhiteElo "2699"]
[BlackElo "2817"]
[WhiteTeam "Chengdu Pandas"]
[BlackTeam "San Jose Hackers"]
[WhiteFideId "8604436"]
[BlackFideId "13401319"]
[EventDate "2019.01.08"]

1. d4 d5 2. c4 c5 3. cxd5 Qxd5 4. Nf3 cxd4 5. Qxd4 Qxd4 6. Nxd4 Bd7 7. Nc3 Nc6
8. Nxc6 Bxc6 9. e4 e6 10. Be3 Bb4 11. f3 Ne7 12. Rc1 f5 13. Bd3 fxe4 14. Bxe4
Bxe4 15. fxe4 Nc6 16. O-O Rd8 17. Nb5 Rd3 18. Bf2 a6 19. Nd4 Nd8 20. Rfd1 Rxd1+
21. Rxd1 Be7 22. Nf3 Nc6 23. Nd4 Nd8 24. Nf3 Nc6 25. Nd4 1/2-1/2

[Event "PRO League Group Stage"]
[Site "chess.com INT"]
[Date "2019.02.13"]
[Round "6"]
[White "Yu, Yangyi"]
[Black "Safarli, Eltaj"]
[Result "1/2-1/2"]
[WhiteTitle "GM"]
[BlackTitle "GM"]
[WhiteElo "2764"]
[BlackElo "2681"]
[WhiteTeam "Chengdu Pandas"]
[BlackTeam "San Jose Hackers"]
[WhiteFideId "8603820"]
[BlackFideId "13402129"]
[EventDate "2019.01.08"]

1. d4 Nf6 2. c4 e6 3. Nc3 Bb4 4. e3 O-O 5. Bd2 d5 6. Nf3 Nbd7 7. Rc1 c6 8. Bd3
dxc4 9. Bxc4 b5 10. Bd3 Bb7 11. O-O a6 12. Ne4 Be7 13. b4 Rc8 14. Qb3 Nxe4 15.
Bxe4 Nf6 16. Bd3 Qd5 17. Qb1 Rfd8 18. e4 Qh5 19. Bc3 a5 20. a3 axb4 21. axb4 Ra8
22. h3 Ra3 23. Qb2 Raa8 24. Rfe1 Nd7 25. Qc2 Ra4 26. Ra1 Rda8 27. Rxa4 Rxa4 28.
Qb1 Ra8 29. Qb3 Bd6 30. Ra1 Rxa1+ 31. Bxa1 Nb6 32. Bc3 Bc8 33. Bd2 f6 34. Qa2
Qf7 35. Qc2 Nc4 36. e5 Nxd2 37. Qxd2 Bf8 38. Qc2 f5 39. Qxc6 Qd7 40. Qb6 Qb7 41.
Qd8 Bd7 42. Ng5 Qc8 43. Qxc8 Bxc8 44. Bxb5 h6 45. Nf3 Bxb4 46. Bc4 Kf7 47. Nh4
g6 48. g4 fxg4 49. hxg4 Bb7 50. f4 Bc3 51. d5 Bxd5 52. Bxd5 exd5 53. Nf3 d4 54.
Kf2 Ke6 55. Ke2 h5 56. Ng5+ Kd5 57. gxh5 gxh5 58. Kd3 h4 59. f5 Kxe5 60. Nf3+
Kxf5 61. Nxh4+ Ke6 62. Nf3 Kf6 63. Nxd4 Bxd4 1/2-1/2

[Event "PRO League Group Stage"]
[Site "chess.com INT"]
[Date "2019.02.13"]
[Round "6"]
[White "Yoo, Christopher Woojin"]
[Black "Zhang, Di"]
[Result "0-1"]
[WhiteTitle "FM"]
[WhiteElo "2388"]
[BlackElo "1966"]
[WhiteTeam "San Jose Hackers"]
[BlackTeam "Chengdu Pandas"]
[WhiteFideId "30909694"]
[BlackFideId "8616590"]
[EventDate "2019.01.08"]

1. e4 c5 2. Nf3 e6 3. d4 cxd4 4. Nxd4 Nf6 5. Nc3 Nc6 6. Ndb5 Bb4 7. a3 Bxc3+ 8.
Nxc3 d5 9. exd5 exd5 10. Bd3 O-O 11. O-O Bg4 12. f3 Bh5 13. Bg5 Qb6+ 14. Kh1 Ne4
15. Nxe4 dxe4 16. Bxe4 Qxb2 17. Rb1 Qxa3 18. Rxb7 Qa6 19. Rc7 Rac8 20. Rxc8 Rxc8
21. Bd3 Qb6 22. Bf5 Rf8 23. Qd2 Bg6 24. Bd7 h6 25. Be3 Qa6 26. Rg1 Ne5 27. Qd5
Nxd7 28. Qxd7 Bxc2 29. Bxa7 Ba4 30. Qd4 Bc6 31. Bc5 Re8 32. Qd6 Qb7 33. Bd4 Re6
34. Qd8+ Kh7 35. Qh4 Bxf3 36. Qg3 Bxg2+ 37. Qxg2 Qxg2+ 38. Rxg2 g5 39. h4 Re4
40. Bf2 gxh4 41. Kh2 f5 42. Kh3 Rg4 43. Rh2 Kg6 44. Bxh4 Ra4 45. Rf2 Ra3+ 46.
Kg2 Kh5 47. Bg3 Kg4 48. Rf4+ Kg5 49. Rb4 Ra2+ 50. Bf2 Re2 51. Kf3 Re4 52. Be3+
Kf6 53. Rb6+ Re6 54. Rb8 h5 55. Rh8 Kg6 56. Rh6+ Kf7 57. Rxh5 Kg6 58. Rg5+ Kf6
59. Rg8 Re4 60. Ra8 Re6 61. Bd4+ Kg6 62. Rg8+ Kf7 63. Rg7+ Kf8 64. Rg5 Kf7 65.
Rxf5+ Kg6 66. Kf4 Ra6 67. Rg5+ Kf7 68. Kf5 Ra5+ 69. Be5 Rb5 70. Rg7+ Kf8 71. Ra7
Rb6 72. Bf6 Ke8 73. Re7+ Kf8 74. Kg6 Rb1 75. Rd7 Rg1+ 76. Bg5 Re1 0-1

[Event "PRO League Group Stage"]
[Site "chess.com INT"]
[Date "2019.02.13"]
[Round "6"]
[White "Ravuri, Vinesh"]
[Black "Li, Di"]
[Result "1/2-1/2"]
[BlackTitle "IM"]
[WhiteElo "2042"]
[BlackElo "2488"]
[WhiteTeam "San Jose Hackers"]
[BlackTeam "Chengdu Pandas"]
[WhiteFideId "45042632"]
[BlackFideId "8607508"]
[EventDate "2019.01.08"]

1. b3 b6 2. Bb2 Bb7 3. Nf3 Nf6 4. g3 Bxf3 5. exf3 c5 6. f4 Nc6 7. Bg2 Rc8 8. O-O
e6 9. d3 Be7 10. Nd2 O-O 11. Nf3 Re8 12. Re1 Bf8 13. Ne5 Nd4 14. Nf3 Nxf3+ 15.
Bxf3 g6 16. c4 Bg7 17. Qe2 d5 18. a3 dxc4 19. dxc4 Nd7 20. Bxg7 Kxg7 21. Rad1
Qe7 22. b4 Nf6 23. b5 Red8 24. h4 Ne8 25. h5 Qf6 26. Qe5 Qxe5 27. fxe5 Kh6 28.
hxg6 hxg6 29. Kg2 Kg7 30. Bc6 Kf8 31. f4 Ke7 32. Kf3 f5 33. Rh1 Ng7 34. g4 fxg4+
35. Kxg4 Rd4 36. Kg5 Rcd8 37. Rxd4 Rxd4 38. Kxg6 Nf5 39. Rh7+ Kd8 40. Kf6 Rxc4
41. Kxe6 Rxf4 42. Rxa7 c4 43. Rh7 c3 44. Rh8+ Kc7 45. Rh7+ Kd8 46. Rh8+ Kc7 47.
Rh7+ Kd8 48. Rh8+ Kc7 49. Rh7+ 1/2-1/2

[Event "PRO League Group Stage"]
[Site "chess.com INT"]
[Date "2019.02.13"]
[Round "6"]
[White "Sarana, Alexey"]
[Black "Sargissian, Gabriel"]
[Result "0-1"]
[WhiteTitle "GM"]
[BlackTitle "GM"]
[WhiteElo "2630"]
[BlackElo "2689"]
[WhiteTeam "Australia Kangaroos"]
[BlackTeam "Seattle Sluggers"]
[WhiteFideId "24133795"]
[BlackFideId "13300881"]
[EventDate "2019.01.08"]

1. d4 Nf6 2. c4 e6 3. Nf3 d5 4. Nc3 Be7 5. Bg5 h6 6. Bh4 O-O 7. cxd5 Nxd5 8.
Bxe7 Qxe7 9. g3 Nxc3 10. bxc3 b6 11. Bg2 Bb7 12. O-O Rd8 13. Qa4 Nd7 14. e3 c5
15. Rfd1 Nf6 16. Ne5 Bxg2 17. Kxg2 Rac8 18. Qa6 Qc7 19. Rac1 Nd7 20. Nf3 Qc6 21.
a4 Nf6 22. Qb5 Qe4 23. h3 Rc7 24. a5 bxa5 25. Qxa5 Rdc8 26. Ra1 Nd5 27. c4 Nb6
28. Rac1 Qa8 29. Qa6 cxd4 30. Rxd4 Rc5 31. Rc2 Rf5 32. e4 Rfc5 33. Ra2 e5 34.
Rd1 Qxe4 35. Qxa7 Nxc4 36. Re1 Qd5 37. Rae2 Ra5 38. Qe7 Ra3 39. Re4 Rxf3 40.
Rxc4 Rxc4 41. Rxe5 Re3+ 0-1

[Event "PRO League Group Stage"]
[Site "chess.com INT"]
[Date "2019.02.13"]
[Round "6"]
[White "Smirnov, Anton"]
[Black "Mikhalevski, Victor"]
[Result "0-1"]
[WhiteTitle "GM"]
[BlackTitle "GM"]
[WhiteElo "2569"]
[BlackElo "2581"]
[WhiteTeam "Australia Kangaroos"]
[BlackTeam "Seattle Sluggers"]
[WhiteFideId "3208923"]
[BlackFideId "2801914"]
[EventDate "2019.01.08"]

1. d4 Nf6 2. c4 g6 3. Nc3 d5 4. Nf3 Bg7 5. h4 dxc4 6. e4 c5 7. d5 Bg4 8. Bxc4
Nbd7 9. Be2 O-O 10. Be3 b5 11. Nd2 Bxe2 12. Qxe2 a6 13. a4 c4 14. O-O Rb8 15.
axb5 axb5 16. Bf4 Rb7 17. e5 Nh5 18. Bh2 f5 19. Nf3 Nc5 20. Nd4 b4 21. Qxc4 bxc3
22. Qxc5 cxb2 23. Rab1 Qb6 24. Qc4 Rc7 25. Qd3 f4 26. Ne6 Bxe5 27. Rfe1 Bf6 28.
d6 exd6 29. Qd5 Rcf7 30. Nxf8 Kxf8 31. Qd2 Qd4 32. Qc2 Qc3 33. Qd1 Be5 34. Re2
Qb4 35. Rc2 Kg7 36. Kh1 Ra7 37. Re2 Ra1 38. Re1 Qc3 39. Bg1 Nf6 40. Qe2 Rxb1 41.
Rxb1 Qc1 42. Qd3 Ng4 43. Qf1 Qxf1 44. Rxf1 Nf6 45. f3 Nd5 46. Rb1 Nb4 47. Bb6
Nc2 48. Bc7 Bd4 49. Bxd6 Kf6 50. Kh2 Ke6 51. Bf8 Kd5 52. Kh3 h5 53. Be7 Kc4 54.
g3 Kb3 55. gxf4 Ka2 56. Rd1 b1=Q 57. Rxb1 Kxb1 58. f5 gxf5 59. Kg3 Be5+ 60. Kf2
Kb2 61. Ke2 Kc3 62. Bg5 Kc4 63. Kd2 0-1

[Event "PRO League Group Stage"]
[Site "chess.com INT"]
[Date "2019.02.13"]
[Round "6"]
[White "Tiglon, Bryce"]
[Black "Ly, Moulthun"]
[Result "1-0"]
[WhiteTitle "IM"]
[BlackTitle "GM"]
[WhiteElo "2390"]
[BlackElo "2486"]
[WhiteTeam "Seattle Sluggers"]
[BlackTeam "Australia Kangaroos"]
[WhiteFideId "2087456"]
[BlackFideId "3204405"]
[EventDate "2019.01.08"]

1. e4 c6 2. d4 d5 3. e5 Bf5 4. Nf3 e6 5. Be2 Nd7 6. O-O h6 7. c3 Ne7 8. Na3 Bh7
9. Nc2 Qc7 10. Nfe1 O-O-O 11. Bd3 g5 12. f4 gxf4 13. Bxf4 Bg6 14. Ne3 Rg8 15.
Bg3 h5 16. b4 Bh6 17. N1c2 Bg5 18. a4 Rg7 19. Bf4 Bxf4 20. Rxf4 Rdg8 21. Rf2 Kb8
22. a5 a6 23. Qe2 h4 24. h3 Ka7 25. Bxg6 fxg6 26. Ng4 Nf5 27. Rb1 Rf8 28. Ne1
Rgf7 29. Nf3 Ng3 30. Qe3 Ne4 31. Rff1 Qd8 32. c4 Ka8 33. b5 Nb8 34. bxa6 Nxa6
35. Rb6 Ng3 36. Rfb1 dxc4 37. Nf6 c3 38. Qd3 Nc7 39. Rxb7 Nb5 40. Rb6 Rb7 41.
Rxc6 Qxa5 42. Ne1 Rd8 43. Nc2 Kb8 44. Kh2 Nf5 45. Rc5 Rxd4 46. Nxd4 Nfxd4 47.
Nd7+ Rxd7 48. Rcxb5+ 1-0

[Event "PRO League Group Stage"]
[Site "chess.com INT"]
[Date "2019.02.13"]
[Round "6"]
[White "Irgaliyev, Alikhan"]
[Black "Song, Raymond"]
[Result "0-1"]
[BlackTitle "FM"]
[WhiteElo "2191"]
[BlackElo "2329"]
[WhiteTeam "Seattle Sluggers"]
[BlackTeam "Australia Kangaroos"]
[WhiteFideId "13705610"]
[BlackFideId "3203824"]
[EventDate "2019.01.08"]

1. d4 Nf6 2. Bg5 d5 3. c4 e6 4. Nc3 Bb4 5. Nf3 O-O 6. cxd5 exd5 7. e3 h6 8. Bxf6
Qxf6 9. Qb3 c5 10. a3 Bxc3+ 11. bxc3 c4 12. Qb5 Rd8 13. Be2 a6 14. Qb2 Nc6 15.
O-O Na5 16. Ne5 Nb3 17. Rae1 b5 18. Bd1 Na5 19. f3 Nc6 20. Nxc6 Qxc6 21. Bc2 f5
22. e4 fxe4 23. fxe4 Be6 24. e5 Rf8 25. Bb1 Rxf1+ 26. Rxf1 Kh8 27. Qb4 Kg8 28.
Qb2 Kh8 29. Qc2 Bg8 30. Qd2 Qd7 31. Bf5 Qe7 32. Qb2 a5 33. h3 Rf8 34. Qxb5 Qg5
35. Qb1 Qe3+ 36. Kh1 Qxc3 37. e6 Qxd4 38. Re1 Qf6 39. Qb5 Qc3 40. Qb1 Qxa3 41.
e7 Re8 42. Qb7 Qc3 43. Rf1 Qe5 44. Bg6 Qxe7 45. Qb5 Rf8 46. Ra1 Qf6 0-1

[Event "PRO League Group Stage"]
[Site "chess.com INT"]
[Date "2019.02.13"]
[Round "6"]
[White "Mamedyarov, Shakhriyar"]
[Black "Yu, Yangyi"]
[Result "1/2-1/2"]
[WhiteTitle "GM"]
[BlackTitle "GM"]
[WhiteElo "2817"]
[BlackElo "2764"]
[WhiteTeam "San Jose Hackers"]
[BlackTeam "Chengdu Pandas"]
[WhiteFideId "13401319"]
[BlackFideId "8603820"]
[EventDate "2019.01.08"]

1. e4 e5 2. Nf3 Nf6 3. Nxe5 d6 4. Nd3 Nxe4 5. Nc3 Nf6 6. Nf4 c6 7. d4 d5 8. Bd3
Bd6 9. Qe2+ Qe7 10. Qxe7+ Kxe7 11. f3 Nbd7 12. Kf2 Nf8 13. Nce2 Bd7 14. h4 Re8
15. g4 h6 16. Bd2 Ne6 17. Nxe6 Bxe6 18. Nf4 Kd8 19. g5 Ng8 20. Nh5 Bf8 21. Rae1
Bd7 22. gxh6 Nxh6 23. Bg5+ Kc8 24. Rxe8+ Bxe8 25. Rg1 Bd7 26. Ng3 Bd6 27. Bxh6
Rxh6 28. Nf5 Bxf5 29. Bxf5+ Kb8 30. Rxg7 Rxh4 31. Rxf7 Rxd4 32. Bd3 Rh4 33. b3
Bf4 34. a4 a5 35. Bf5 Rh2+ 36. Kg1 Rd2 37. Bd3 Be3+ 38. Kf1 Ka7 39. Ke1 Rf2 40.
Be2 d4 41. Re7 Kb6 42. c3 Rh2 43. cxd4 Rh1+ 44. Bf1 Bxd4 45. f4 Rh2 46. Bd3 Rh3
47. Ke2 Rh2+ 48. Kf3 Rh3+ 49. Ke2 Rh2+ 50. Ke1 Rh3 51. Kd2 Rf3 52. f5 Rf2+ 53.
Kd1 Bc3 54. Kc1 Bb2+ 55. Kb1 Bf6 56. Re2 Rf3 57. Kc2 Kc5 58. Re4 b5 59. Re6 Rf2+
60. Kd1 Bc3 61. Be4 Kb4 62. Rxc6 Rd2+ 63. Kc1 Rd4 64. Bc2 bxa4 65. bxa4 Rf4 66.
Bd3 Kb3 67. Kd1 Kb2 68. Rb6+ Rb4 69. Bb5 Re4 70. Bc6+ Rb4 71. Rb5 Ka3 72. Kc2
Bf6 73. Rc5 Rf4 74. Kd3 Kb4 75. Rd5 Rh4 76. Bd7 Ka3 77. Ke3 Rh3+ 78. Kf2 Bc3 79.
Kg2 Rh4 80. Kg3 Rd4 81. Rxd4 Bxd4 82. Kg4 Kb4 83. Kg5 Kc5 84. f6 Kd6 85. Bb5 Ke6
86. Bc4+ Kd7 87. Kg6 Kd6 88. Kg7 Bc3 89. Kf7 Bd4 90. Ke8 Bxf6 1/2-1/2

[Event "PRO League Group Stage"]
[Site "chess.com INT"]
[Date "2019.02.13"]
[Round "6"]
[White "Safarli, Eltaj"]
[Black "Li, Chao b"]
[Result "1-0"]
[WhiteTitle "GM"]
[BlackTitle "GM"]
[WhiteElo "2681"]
[BlackElo "2699"]
[WhiteTeam "San Jose Hackers"]
[BlackTeam "Chengdu Pandas"]
[WhiteFideId "13402129"]
[BlackFideId "8604436"]
[EventDate "2019.01.08"]

1. e4 e5 2. Nf3 Nf6 3. Nc3 Nc6 4. a3 Be7 5. d4 exd4 6. Nxd4 O-O 7. Nxc6 bxc6 8.
e5 Ne8 9. Bd3 d6 10. Bf4 dxe5 11. Bxe5 Bd6 12. Bg3 Rb8 13. Rb1 f5 14. f3 Bxg3+
15. hxg3 Qd6 16. Bc4+ Kh8 17. Qxd6 cxd6 18. Kf2 d5 19. Bd3 Nf6 20. Rhe1 Ne4+ 21.
Ke3 Nxg3 22. Kd4 f4 23. Kc5 Nf5 24. Ne2 g5 25. b4 Rf6 26. Nd4 Nxd4 27. Re8+ Kg7
28. Kxd4 Re6 29. Re1 Rxe1 30. Rxe1 Rb7 31. Kc5 Rf7 32. Re8 Bb7 33. Kd6 Rf6+ 34.
Kc7 Rf7+ 35. Kb8 h5 36. a4 g4 37. a5 gxf3 38. gxf3 c5 39. bxc5 Bc6 40. Re1 d4
41. Be4 Rb7+ 42. Kc8 Rb5 43. Bxc6 Rxc5 44. Kd7 Rxc2 45. Be4 d3 46. Rd1 Ra2 47.
Rxd3 Rxa5 48. Ke6 Kh6 49. Kf6 Ra6+ 50. Kf5 Ra5+ 51. Kxf4 Kg7 52. Rd7+ Kf6 53.
Rd6+ Kf7 54. Bf5 Ke7 55. Re6+ Kf7 56. Kg5 Ra1 57. Rc6 Ke7 58. Kxh5 a5 59. Ra6 a4
60. Kg5 a3 61. Kf4 Kf7 62. Be4 Ke7 63. Ke5 a2 64. f4 Kd7 65. f5 Ke7 66. f6+ Kf8
67. Ra8+ Kf7 68. Rxa2 1-0

[Event "PRO League Group Stage"]
[Site "chess.com INT"]
[Date "2019.02.13"]
[Round "6"]
[White "Li, Di"]
[Black "Yoo, Christopher Woojin"]
[Result "1/2-1/2"]
[WhiteTitle "IM"]
[BlackTitle "FM"]
[WhiteElo "2488"]
[BlackElo "2388"]
[WhiteTeam "Chengdu Pandas"]
[BlackTeam "San Jose Hackers"]
[WhiteFideId "8607508"]
[BlackFideId "30909694"]
[EventDate "2019.01.08"]

1. d4 Nf6 2. c4 g6 3. Nc3 d5 4. Nf3 Bg7 5. cxd5 Nxd5 6. Bg5 c5 7. Rc1 Nxc3 8.
bxc3 O-O 9. e3 Nc6 10. Be2 Be6 11. Qa4 Qd7 12. Qa3 cxd4 13. cxd4 Bd5 14. O-O h6
15. Bh4 g5 16. Bg3 f5 17. Ne5 Nxe5 18. Bxe5 Rfc8 19. Bxg7 Rxc1 20. Rxc1 Kxg7 21.
Bc4 Rc8 22. Bxd5 Rxc1+ 23. Qxc1 Qxd5 24. Qa3 Qe4 25. h3 a6 26. Qc5 Kf7 27. a4 h5
28. a5 Kg6 29. Qb6+ Kg7 30. Qc7 h4 31. d5 Qxd5 32. Qxe7+ Kg6 33. Qe8+ Kg7 34.
Qe7+ Kg6 35. Qe8+ Kf6 36. Qf8+ Kg6 37. Qe8+ Kh6 38. Qh8+ Kg6 39. Qe8+ Kg7 40.
Qe7+ 1/2-1/2

[Event "PRO League Group Stage"]
[Site "chess.com INT"]
[Date "2019.02.13"]
[Round "6"]
[White "Zhang, Di"]
[Black "Ravuri, Vinesh"]
[Result "0-1"]
[WhiteElo "1966"]
[BlackElo "2042"]
[WhiteTeam "Chengdu Pandas"]
[BlackTeam "San Jose Hackers"]
[WhiteFideId "8616590"]
[BlackFideId "45042632"]
[EventDate "2019.01.08"]

1. d4 Nf6 2. c4 g6 3. Nc3 Bg7 4. e4 d6 5. Nf3 O-O 6. Be2 e5 7. dxe5 dxe5 8. Qd7
Qxd7 9. Nxe5 Qe8 10. Nf3 Nxe4 11. Nxe4 Qxe4 12. Nd2 Qe6 13. Kd1 Nc6 14. Re1 Nd4
15. Bd3 Qg4+ 16. f3 Qxg2 17. Rf1 Rd8 18. Rb1 Bf5 0-1

[Event "PRO League Group Stage"]
[Site "chess.com INT"]
[Date "2019.02.14"]
[Round "6"]
[White "Ivlev, Aleksey"]
[Black "Gupta, Abhijeet"]
[Result "0-1"]
[WhiteTitle "FM"]
[BlackTitle "GM"]
[WhiteElo "2326"]
[BlackElo "2581"]
[WhiteTeam "Volga Stormbringers"]
[BlackTeam "Delhi Dynamite"]
[WhiteFideId "24185949"]
[BlackFideId "5010608"]
[EventDate "2019.01.08"]

1. d4 Nf6 2. c4 g6 3. Nf3 Bg7 4. e3 O-O 5. Be2 b6 6. O-O Bb7 7. b3 d5 8. cxd5
Nxd5 9. Bb2 c5 10. Qd2 cxd4 11. Bxd4 Nf6 12. Qb2 Nc6 13. Bc3 Rc8 14. Rd1 Qc7 15.
Na3 a6 16. Rac1 b5 17. Nc2 Qb8 18. Ne5 Ne4 19. Nxc6 Nxc3 20. Qxc3 Rxc6 21. Qd2
Rfc8 22. Nd4 Rxc1 23. Rxc1 Rd8 24. Qc2 Bxd4 25. exd4 Rxd4 26. Qc7 Qxc7 27. Rxc7
Rd2 28. Rxe7 Bd5 29. a4 Bxb3 30. axb5 axb5 31. Kf1 Bc4 32. Bxc4 bxc4 33. Rc7 Rc2
34. h4 Kg7 35. g3 Kf6 36. Kg2 c3 37. Kf3 Ke6 38. Ke3 h5 39. Rc8 Kd7 40. Rc4 Kd6
41. Rc8 Kd5 42. Rd8+ Ke5 43. Rc8 Kf5 44. Rc5+ Ke6 45. Rc8 Rc1 46. Kf4 f6 47. f3
Kd5 48. Rd8+ Ke6 49. Rc8 c2 50. Rc3 g5+ 51. hxg5 fxg5+ 52. Kxg5 h4 53. Re3+ Kf7
54. Kg4 Rg1 55. Rc3 c1=Q 56. Rxc1 Rxc1 57. Kxh4 Kg6 58. Kg4 Rc4+ 59. f4 Rc3 0-1